Highest Cities in New York - Statistics

General Stats
  • This quiz has been taken 5 times
  • The average score is 3 of 16
Answer Stats
Elevation (ft) City Meters % Correct
600 Buffalo 183
80%
686 Auburn 209
20%
866 Binghamton 264
20%
750 Canandaigua 228
20%
932 Corning 284
20%
1,129 Cortland 344
20%
860 Elmira 262
20%
820 Gloversville 250
20%
1,161 Hornell 354
20%
1,380 Jamestown 420
20%
614 Niagara Falls 187
20%
1,014 Norwich 309
20%
1,450 Olean 442
20%
1,368 Oneonta 417
20%
617 Dunkirk 188
0%
673 Johnstown 205
0%
No matching quizzes found
Score Distribution
Percent of People with Each Score
Percentile by Number Answered
Your Score History
You have not taken this quiz